000 00877nam a2200217 i 4500
001 182912
003 ES-MaACL
005 20250816091143.0
008 131216s1764 fr f |||| | fre d
100 1 _aDuhamel Du Monceau, Henri-Louis.
_9146391
245 1 0 _aArt du chandelier /
_cpar M. Duhamel du Monceau.
260 _a[Paris :
_bs.n.,
_c1764]
300 _a41 p., 3 h. de lám. ;
_cFol. (44 cm)
490 1 _aDescriptions des arts et métiers faites ou approuvées par Messieurs de l'Académie Royale des Sciences
530 _aDisponible en formato digital.
650 4 _aVelas-
_xFabricación-
_vObras anteriores a 1800.
_9154000
830 0 0 _aDescriptions des arts et métiers
_9241750
852 _aES-MaACL
_jR-57(1)
_x Olim: C-10827-70
856 _uhttp://gallica.bnf.fr/ark:/12148/bpt6k1065592b?rk=21459;2
_zBNF-Gallica
999 _c182912
_d182912